000 00811cam a2200253 4500
001 5491
005 20181127175633.0
008 031027s2003 nyua 000 0 eng d
010 _a 2003273645
020 _a9788172235031
042 _alccopycat
100 1 _aGray, John,
_d1951-
245 1 0 _aMen are from mars, women are from venus :
_bthe definitive guide to relationships /
_cJohn Gray.
250 _a1st ed.
260 _aLondon :
_bHarperCollins Publishers,
_c2015.
300 _axi, 307 p. :
_bill. ;
_c22 cm.
650 0 _aCommunication in marriage.
650 0 _aMan-woman relationships.
650 0 _aMarriage.
650 0 _aMen
_xPsychology.
650 0 _aSex differences (Psychology)
650 0 _aWomen
_xPsychology.
700 1 _aGray, John,
_d1951-
_tMen are from Mars, women are from Venus.
999 _c4619
_d4619